مكتبة جامعة عجلون الوطنية

فهرس بحث المكتبة

Normal view MARC view
  • العلاق، بشير عباس

Entry Personal Name

Number of records used in: 1

001 - CONTROL NUMBER

  • control field: 44951

003 - CONTROL NUMBER IDENTIFIER

  • control field: JO-AjAnu

005 - DATE AND TIME OF LATEST TRANSACTION

  • control field: 20230606081435.0

008 - FIXED-LENGTH DATA ELEMENTS

  • fixed length control field: 230606|| aca||aabn | a|a d

040 ## - CATALOGING SOURCE

  • Original cataloging agency: JO-AjAnu
  • Transcribing agency: JO-AjAnu

100 ## - HEADING--PERSONAL NAME

  • Personal name: العلاق، بشير عباس

670 ## - SOURCE DATA FOUND

  • Source citation: Work cat.: (JO-AjAnu)23017: العلاق، بشير عباس, author, تكنولوجيا المعلومات والاتصالات وتطبيقاتها في مجال التجارة النقالة